000 00543nam a2200193Ia 4500
999 _c37224
_d37224
003 OSt
005 20200113161200.0
008 190216s9999||||xx |||||||||||||| ||und||
020 _a9780521586863
040 _coclc
082 _a519.5
_bMIL/S
100 _a Miller, Jane
_91165
245 0 _aStatistics For Advanced Level /
_cJane Miller
250 _a2nd ed.
260 _bCambridge University Press,
_c1983.
_aNew York:
300 _a442p
650 _aStatistics
942 _cBK
_2ddc
_h519.5
_iMIL/S
_k519.5
_mMIL/S